000 00707nam a2200181Ia 4500
008 090124s9999 xx 000 0 und d
082 _b128748
100 _aजायस्वाल जयनारायण
245 _a झोन थेरपी अर्थात अॅक्युप्रेशर
250 _a1
260 _c1992
300 _a30
600 _aजायस्वाल जयनारायण
630 _a झोन थेरपी अर्थात अॅक्युप्रेशर
700 _aजायस्वाल जयनारायण
730 _a झोन थेरपी अर्थात अॅक्युप्रेशर
942 _cBOOK
999 _c174837
_d174837